Top 45 Biggest Pokémon - Statistics

General Stats
  • This quiz has been taken 23 times
    19 since last reset
  • The average score is 23 of 45
Answer Stats
Height Types Answer % Correct
35'05 / 10.8m Dragon-Flying Mega Rayquaza
93%
22'08 / 6.9m Ghost-Dragon Giratina (Origin)
87%
16'05 / 5.0m Ground-Fire Primal Groudon
87%
32'02 / 9.8m Water Primal Kyogre
87%
22'11 / 7.0m Steel-Dragon Dialga (Origin)
80%
328'01 / 100.0m Poison-Dragon Eternamax Eternatus
80%
34'05 / 10.5m Steel-Ground Mega Steelix
80%
17'01 / 5.2m Psychic-Flying Lugia
73%
20'08 / 6.3m Water-Dragon Palkia (Origin)
73%
47'07 / 14.5m Water Wailord
73%
10'06 / 3.2m Normal Arceus
67%
21'04 / 6.5m Water-Flying Gyarados
67%
12'06 / 3.8m Fire-Flying Ho-Oh
67%
28'10 / 8.79m Rock-Ground Onix
67%
20'04 / 6.2m Water Milotic
60%
12'02 / 3.71m Normal Regigigas
60%
11'10 / 3.6m Dragon-Ice White Kyurem
60%
16'05 / 5.0m Dragon-Ground Zygarde (50%)
60%
35'09 / 10.9m Grass-Dragon Alolan Exeggutor
53%
18'01 / 5.5m Dark-Dragon Guzzlord
53%
10'06 / 3.2m Dragon-Fire Reshiram
53%
30'02 / 9.2m Steel-Flying Celesteela
47%
21'04 / 6.5m Psychic-Dark Hoopa Unbound
47%
24'07 / 7.5m Psychic-Dragon Necrozma (Ultra)
47%
12'10 / 3.9m Ghost-Grass Dhelmise
40%
39'04 / 12.0m Water Dondozo
40%
13'01 / 4.0m Psychic-Ghost Lunala
40%
11'06 / 3.5m Electric-Dragon Miraidon
40%
17'01 / 5.2m Electric-Dragon Raging Bolt
40%
12'06 / 3.8m Electric Xurkitree
40%
19'00 / 5.8m Dark-Flying Yveltal
40%
11'06 / 3.5m Fire-Dragon Gouging Fire
33%
11'02 / 3.4m Psychic-Steel Solgaleo
33%
18'01 / 5.5m Rock-Steel Stakataka
33%
11'06 / 3.5m Water-Dragon Walking Wake
33%
11'06 / 3.5m Poison Arbok
27%
14'09 / 4.5m Ice Cetitan
27%
13'01 / 4.0m Dragon Dragonair
27%
11'10 / 3.6m Poison-Dragon Naganadel
27%
10'06 / 3.2m Bug-Fighting Slither Wing
27%
14'09 / 4.5m Normal Dudunsparce (3 Segment)
20%
10'06 / 3.2m Normal-Psychic Farigiraf
20%
12'06 / 3.8m Ground Sandaconda
20%
10'10 / 3.3m Grass Serperior
13%
26'11 / 8.2m Water Wishiwashi (School)
13%
No matching quizzes found
Score Distribution
Percent of People with Each Score
Percentile by Number Answered
Your Score History
You have not taken this quiz since the last reset